Folklore y artesania (Record no. 10983)

MARC details
000 -CABECERA
campo de control de longitud fija 00929nam a22002537a 4500
001 - NÚMERO DE CONTROL
campo de control BRLA_9361
003 - IDENTIFICADOR DEL NÚMERO DE CONTROL
campo de control FranzMayer
005 - FECHA Y HORA DE LA ÚLTIMA TRANSACCIÓN
campo de control 20230918122711.0
008 - DATOS DE LONGITUD FIJA--INFORMACIÓN GENERAL
campo de control de longitud fija 230828b |||||||| |||| 00| 0 eng d
040 ## - FUENTE DE LA CATALOGACIÓN
Centro catalogador/agencia de origen MFM
Lengua de catalogación español
Centro/agencia transcriptor MFM
050 #0 - SIGNATURA TOPOGRÁFICA DE LA BIBLIOTECA DEL CONGRESO
Número de clasificación F1215.B5
Número de documento/Ítem F67 1976
100 1# - ENTRADA PRINCIPAL--NOMBRE DE PERSONA
Código de función/relación Autor
Nombre de persona Fortún, Julia Elena
9 (RLIN) 29342
240 ## - TÍTULO UNIFORME
Título uniforme Folklore y artesania
Lenguaje de la obra español
245 0# - MENCIÓN DE TÍTULO
Título Folklore y artesania
260 ## - PUBLICACIÓN, DISTRIBUCIÓN, ETC.
Lugar de publicación, distribución, etc. La paz, Bolivia
Nombre del editor, distribuidor, etc. Instituto boliviano de cultura
Fecha de publicación, distribución, etc. 1976
300 ## - DESCRIPCIÓN FÍSICA
Extensión 62 p
Dimensiones 19 cm
500 ## - NOTA GENERAL
Nota general Anexo 1
500 ## - NOTA GENERAL
Nota general Con una dedicatoria para Ruth Lechuga en la primer página
505 ## - NOTA DE CONTENIDO CON FORMATO
Nota de contenido con formato Texto en: españolIncluye índice temáticoDirigido a: artistas, artesanos y personas con interés en Bolivia
650 1# - PUNTO DE ACCESO ADICIONAL DE MATERIA--TÉRMINO DE MATERIA
Fuente del encabezamiento o término Indígenas de Bolivia
Término de materia o nombre geográfico como elemento de entrada Vida social y cotidiana
Subdivisión de forma Costumbres
9 (RLIN) 29343
651 2# - PUNTO DE ACCESO ADICIONAL DE MATERIA--NOMBRE GEOGRÁFICO
Fuente del encabezamiento o término Folklore
Nombre geográfico Artesanías
Subdivisión de forma Arte boliviano
9 (RLIN) 29344
710 1# - PUNTO DE ACCESO ADICIONAL--NOMBRE DE ENTIDAD CORPORATIVA
Código de función/relación Impre.
Nombre de entidad corporativa o nombre de jurisdicción como elemento de entrada Crítica S.R.L
9 (RLIN) 29345
942 ## - ELEMENTOS DE PUNTO DE ACCESO ADICIONAL (KOHA)
Fuente del sistema de clasificación o colocación Library of Congress Classification
Tipo de ítem Koha Libros
Holdings
Estado de retiro Estado de pérdida Fuente del sistema de clasificación o colocación Estado dañado No para préstamo Código de colección Localización permanente Ubicación/localización actual Fecha de adquisición Total de préstamos Signatura topográfica completa Código de barras Fecha visto por última vez Precio válido a partir de Tipo de ítem Koha
El ejemplar forma parte de la colección y puede ser consultado según las políticas vigentes.   Library of Congress Classification     Fondo Contemporáneo Biblioteca del Museo Franz Mayer (Rogerio Casas-Alatriste) Biblioteca del Museo Franz Mayer (Rogerio Casas-Alatriste) 28/08/2023   F1215.B5 F67 1976 CONT10122 28/08/2023 28/08/2023 Libros